000 00607cam a22002055a 4500
001 L141085
008 071026s1879 xxk eng u
035 _a(Sirsi) u141085
041 0 _aeng
110 2 _aFinancial Reform Association
_95422
245 0 0 _aTwelve reasons for the revision of the land tax
260 _aLiverpool
_bFinancial Reform Association
_c1879
300 _a1 sheet
_c27 x 21 cm.
340 _aPrinted
351 _aSingle item
500 _aPresented by H. Webb, F.A.I. on 12 October 1949.
651 4 _aUnited Kingdom
_y
690 _aPROPERTY-PROPERTY TAXATION
942 _n0
999 _c116578
_d116578